Overcoming fear, worry, and anxiety / (Record no. 21156)

MARC details
000 -LEADER
fixed length control field 01517cam a22003854a 4500
001 - CONTROL NUMBER
control field 12326430
003 - CONTROL NUMBER IDENTIFIER
control field OSt
005 - DATE AND TIME OF LATEST TRANSACTION
control field 20260129153908.0
008 - FIXED-LENGTH DATA ELEMENTS--GENERAL INFORMATION
fixed length control field 010226s2001 orua b 000 0 eng
010 ## - LIBRARY OF CONGRESS CONTROL NUMBER
LC control number 2001024088
020 ## - INTERNATIONAL STANDARD BOOK NUMBER
International Standard Book Number 0736905898
020 ## - INTERNATIONAL STANDARD BOOK NUMBER
International Standard Book Number 9780736905893
035 ## - SYSTEM CONTROL NUMBER
System control number 12326430
040 ## - CATALOGING SOURCE
Original cataloging agency DLC
Transcribing agency DLC
Modifying agency DLC
042 ## - AUTHENTICATION CODE
Authentication code pcc
050 00 - LIBRARY OF CONGRESS CALL NUMBER
Classification number BV4527
Item number .F59 2001
082 00 - DEWEY DECIMAL CLASSIFICATION NUMBER
Classification number 248.8/43
Edition number 21
100 1# - MAIN ENTRY--PERSONAL NAME
Personal name Fitzpatrick, Elyse,
Dates associated with a name 1950-
245 10 - TITLE STATEMENT
Title Overcoming fear, worry, and anxiety /
Statement of responsibility, etc. Elyse Fitzpatrick.
246 1# - VARYING FORM OF TITLE
Display text Other title information from cover:
Title proper/short title Becoming a woman of faith & confidence
260 ## - PUBLICATION, DISTRIBUTION, ETC. (IMPRINT)
Place of publication, distribution, etc. Eugene, OR :
Name of publisher, distributor, etc. Harvest House,
Date of publication, distribution, etc. c2001.
300 ## - PHYSICAL DESCRIPTION
Extent 224 p. :
Other physical details ill. ;
Dimensions 21 cm.
336 ## - CONTENT TYPE
Content type term text
Content type code txt
Source rdacontent
337 ## - MEDIA TYPE
Media type term unmediated
Media type code n
Source rdamedia
338 ## - CARRIER TYPE
Carrier type term volume
Carrier type code nc
Source rdacarrier
504 ## - BIBLIOGRAPHY, ETC. NOTE
Bibliography, etc Includes bibliographical references (p. 221-224).
650 #0 - SUBJECT ADDED ENTRY--TOPICAL TERM
Topical term or geographic name as entry element Christian women
General subdivision Religious life.
650 #0 - SUBJECT ADDED ENTRY--TOPICAL TERM
Topical term or geographic name as entry element Fear
General subdivision Religious aspects
-- Christianity.
856 42 - ELECTRONIC LOCATION AND ACCESS
Materials specified Publisher description
Uniform Resource Identifier <a href="http://www.loc.gov/catdir/enhancements/fy0714/2001024088-d.html">http://www.loc.gov/catdir/enhancements/fy0714/2001024088-d.html</a>
856 42 - ELECTRONIC LOCATION AND ACCESS
Materials specified Contributor biographical information
Uniform Resource Identifier <a href="https://www.loc.gov/catdir/enhancements/fy1612/2001024088-b.html">https://www.loc.gov/catdir/enhancements/fy1612/2001024088-b.html</a>
906 ## - LOCAL DATA ELEMENT F, LDF (RLIN)
a 7
b cbc
c orignew
d 1
e ocip
f 20
g y-gencatlg
942 ## - ADDED ENTRY ELEMENTS (KOHA)
Source of classification or shelving scheme Library of Congress Classification
Koha item type General Collection
Holdings
Withdrawn status Lost status Source of classification or shelving scheme Not for loan Home library Current library Shelving location Date acquired Source of acquisition Inventory number Total Checkouts Full call number Barcode Date last seen Copy number Price effective from Koha item type
    Library of Congress Classification   Kabarak, Main Campus Kabarak, Main Campus General Stacks 29/01/2026 Donation 2025/   BV4527 .F59 2001 C.1 38726 29/01/2026 C.1 29/01/2026 General Collection
Designed with assistance from East African Informatics Ltd